hassan - Statistics

General Stats
  • This quiz has been taken 7 times
  • The average score is 60 of 132
Answer Stats
Question Tile Select % Correct
wanting sth from others ------------- No
71%
wanting sth from others covet Yes
71%
wanting sth from others horde No
71%
wanting sth from others hovel No
71%
wanting sth from others plummet No
71%
wanting sth from others shove No
71%
wanting sth from others uncoil No
71%
fall suddenly ------------- No
57%
to wind up ------------- No
57%
push ------------- No
57%
wanting sth from others all hell breaks loose No
57%
fall suddenly all hell breaks loose No
57%
push all hell breaks loose No
57%
shabby hut covet No
57%
奖杯 covet No
57%
very tired dirty covet No
57%
fall suddenly horde No
57%
push horde No
57%
fall suddenly hovel No
57%
very tired dirty hovel No
57%
wanting sth from others overcast No
57%
fall suddenly overcast No
57%
shabby hut overcast No
57%
to wind up overcast No
57%
fall suddenly plummet Yes
57%
to wind up plummet No
57%
wanting sth from others ragged No
57%
fall suddenly ragged No
57%
to wind up ragged No
57%
fall suddenly shove No
57%
奖杯 shove No
57%
very tired dirty shove No
57%
wanting sth from others spool No
57%
fall suddenly spool No
57%
shabby hut spool No
57%
push spool No
57%
very tired dirty spool No
57%
fall suddenly trophy No
57%
very tired dirty trophy No
57%
fall suddenly uncoil No
57%
shabby hut uncoil No
57%
奖杯 uncoil No
57%
push uncoil No
57%
a crowd of people ------------- No
43%
shabby hut ------------- No
43%
奖杯 ------------- No
43%
very tired dirty ------------- No
43%
sth that is violent and destructive ------------- No
43%
to unwind ------------- No
43%
a crowd of people all hell breaks loose No
43%
shabby hut all hell breaks loose No
43%
奖杯 all hell breaks loose No
43%
to wind up all hell breaks loose No
43%
very tired dirty all hell breaks loose No
43%
to unwind all hell breaks loose No
43%
fall suddenly covet No
43%
a crowd of people covet No
43%
push covet No
43%
dull covet No
43%
a crowd of people horde Yes
43%
shabby hut horde No
43%
奖杯 horde No
43%
to wind up horde No
43%
very tired dirty horde No
43%
sth that is violent and destructive horde No
43%
to unwind horde No
43%
奖杯 hovel No
43%
to wind up hovel No
43%
push hovel No
43%
dull hovel No
43%
sth that is violent and destructive hovel No
43%
to unwind hovel No
43%
a crowd of people overcast No
43%
奖杯 overcast No
43%
push overcast No
43%
very tired dirty overcast No
43%
sth that is violent and destructive overcast No
43%
to unwind overcast No
43%
a crowd of people plummet No
43%
shabby hut plummet No
43%
奖杯 plummet No
43%
push plummet No
43%
dull plummet No
43%
very tired dirty plummet No
43%
to unwind plummet No
43%
a crowd of people ragged No
43%
shabby hut ragged No
43%
奖杯 ragged No
43%
push ragged No
43%
very tired dirty ragged Yes
43%
a crowd of people shove No
43%
shabby hut shove No
43%
to wind up shove No
43%
push shove Yes
43%
sth that is violent and destructive shove No
43%
to unwind shove No
43%
a crowd of people spool No
43%
奖杯 spool No
43%
dull spool No
43%
sth that is violent and destructive spool No
43%
wanting sth from others trophy No
43%
a crowd of people trophy No
43%
shabby hut trophy No
43%
to wind up trophy No
43%
push trophy No
43%
sth that is violent and destructive trophy No
43%
a crowd of people uncoil No
43%
to wind up uncoil No
43%
very tired dirty uncoil No
43%
to unwind uncoil Yes
43%
dull ------------- No
29%
dull all hell breaks loose No
29%
to wind up covet No
29%
sth that is violent and destructive covet No
29%
to unwind covet No
29%
dull horde No
29%
a crowd of people hovel No
29%
shabby hut hovel Yes
29%
dull overcast Yes
29%
sth that is violent and destructive plummet No
29%
dull ragged No
29%
sth that is violent and destructive ragged No
29%
to unwind ragged No
29%
dull shove No
29%
to wind up spool Yes
29%
to unwind spool No
29%
奖杯 trophy Yes
29%
dull trophy No
29%
to unwind trophy No
29%
dull uncoil No
29%
sth that is violent and destructive uncoil No
29%
sth that is violent and destructive all hell breaks loose Yes
14%
No matching quizzes found
Score Distribution
Percent of People with Each Score
Percentile by Number Answered
Your Score History
You have not taken this quiz